[Event "Landesklasse Ost 2015/2016"]
[Site "?"]
[Date "2016.02.14"]
[Round "6"]
[White "Pichl, Michael"]
[Black "Richter, Sebastian"]
[Result "0-1"]
[WhiteElo "1961"]
[BlackElo "1761"]
[PlyCount "56"]
[EventDate "2016.??.??"]
[WhiteTeam "SV Empor Erfurt"]
[BlackTeam "SV Schott Jena"]

1. g3 Nf6 2. Bg2 g6 3. c4 Bg7 4. Nc3 O-O 5. Nf3 d6 6. O-O e5 7. d3 h6 8. Rb1
Be6 9. b4 c6 10. a4 Qd7 11. Re1 Nh5 12. b5 f5 13. Bb2 d5 14. cxd5 cxd5 15. d4
e4 16. Ne5 Bxe5 17. dxe5 Qf7 18. Qd4 Rc8 19. Red1 Rc4 20. Qd2 d4 21. Qxh6 Nd7
22. Nxe4 fxe4 23. Bxe4 Bf5 24. Bxf5 Qxf5 25. Rdc1 Nxe5 26. Rxc4 Ng4 27. Qf4
Nxf4 28. gxf4 Qxf4 0-1

[Event "Landesklasse Ost 2015/2016"]
[Site "?"]
[Date "2016.02.14"]
[Round "6"]
[White "Bönisch, Julian"]
[Black "Taudte, Stefan"]
[Result "0-1"]
[WhiteElo "1615"]
[BlackElo "1947"]
[PlyCount "58"]
[EventDate "2016.??.??"]
[WhiteTeam "SV Schott Jena"]
[BlackTeam "SV Empor Erfurt"]

1. Nf3 d5 2. g3 c5 3. Bg2 Nc6 4. O-O e5 5. d3 Bd6 6. e4 d4 7. a4 h6 8. Nbd2 Bg4
9. h3 Be6 10. Nh4 Qd7 11. Kh2 Nge7 12. b3 g5 13. Nhf3 g4 14. Ng1 gxh3 15. Nxh3
h5 16. Nc4 Bc7 17. f3 f6 18. Ba3 Nb4 19. a5 O-O-O 20. Qd2 Nec6 21. Rg1 Rdg8 22.
Bf1 Rg6 23. Nf2 Rhg8 24. Be2 Qg7 25. Nh1 f5 26. exf5 Bxf5 27. Bxb4 cxb4 28. Qe1
h4 29. Nd2 hxg3+ 0-1

[Event "Landesklasse Ost 2015/2016"]
[Site "?"]
[Date "2016.02.14"]
[Round "6"]
[White "Thiemann, Jürgen"]
[Black "Schmiedehausen, Thomas"]
[Result "1-0"]
[WhiteElo "1692"]
[BlackElo "1527"]
[PlyCount "51"]
[EventDate "2016.??.??"]
[WhiteTeam "SV Empor Erfurt"]
[BlackTeam "SV Schott Jena"]

1. d4 Nf6 2. c4 g6 3. Nc3 d5 4. Bf4 c6 5. e3 Bg7 6. Qb3 O-O 7. Bd3 Qa5 8. Nf3
dxc4 9. Bxc4 Ne4 10. O-O Nxc3 11. bxc3 Nd7 12. Ng5 Qf5 13. Ne6 Nb6 14. Nxf8
Nxc4 15. Qxc4 Kxf8 16. a4 Be6 17. Qe2 Qa5 18. Qb2 b6 19. f3 Bc4 20. Rfe1 Re8
21. Qb4 Qxb4 22. cxb4 c5 23. bxc5 bxc5 24. Rac1 Bb3 25. Rxc5 Bxa4 26. Ra1 1-0

[Event "Landesklasse Ost 2015/2016"]
[Site "?"]
[Date "2016.02.14"]
[Round "6"]
[White "Große-Lohmann, Tobias"]
[Black "Heinke, Jasper"]
[Result "0-1"]
[WhiteElo "1225"]
[BlackElo "1794"]
[PlyCount "102"]
[EventDate "2016.??.??"]
[WhiteTeam "SV Schott Jena"]
[BlackTeam "SV Empor Erfurt"]

1. Nf3 Nf6 2. d3 g6 3. e4 d6 4. g3 Bg7 5. Bg2 O-O 6. O-O c5 7. Nh4 Nc6 8. f4
Rb8 9. a4 a6 10. c3 Bd7 11. Be3 b5 12. axb5 Rxb5 13. Qc1 Ng4 14. Bd2 Qb6 15.
Na3 c4+ 16. d4 Nxd4 17. cxd4 Bxd4+ 18. Kh1 Bxb2 19. Nxc4 Bxc1 20. Nxb6 Bxd2 21.
Nxd7 Rd8 22. Bh3 h5 23. Ra2 Bb4 24. Rb1 a5 25. Bf1 Rb7 26. Nf6+ Nxf6 27. Nf3
Nxe4 28. Rc1 Nc5 29. Nd4 Rb6 30. Kg2 d5 31. Nc2 Ne4 32. Kf3 Bd2 33. Rca1 Rdb8
34. Ra3 Rb2 35. Ne3 e6 36. Bd3 Bb4 37. R3a2 Nd2+ 38. Ke2 Bc5 39. Nc2 Nc4 40.
Bxc4 dxc4 41. Kd1 Rxa2 42. Rxa2 Bb4 43. Ne3 c3 44. Nc4 Rd8+ 45. Kc2 Rd5 46. Ne3
Rd2+ 47. Kb3 Rxa2 48. Kxa2 Kg7 49. Kb3 Kf6 50. Nd1 Kf5 51. h3 Ke4 0-1

[Event "Landesklasse Ost 2015/2016"]
[Site "?"]
[Date "2016.02.14"]
[Round "6"]
[White "Schlierf, Andre"]
[Black "Sunderbrink, Heino"]
[Result "1/2-1/2"]
[WhiteElo "1859"]
[BlackElo "1887"]
[PlyCount "33"]
[EventDate "2016.??.??"]
[WhiteTeam "Schachklub Weida"]
[BlackTeam "SV Medizin Erfurt"]

1. c4 c5 2. g3 Nf6 3. Bg2 g6 4. Nc3 Bg7 5. Nf3 O-O 6. O-O d5 7. cxd5 Nxd5 8.
Nxd5 Qxd5 9. d3 Nc6 10. Ng5 Qd7 11. Rb1 b6 12. Bd2 Bb7 13. Qa4 h6 14. Nf3 Ne5
15. Qxd7 Nxd7 16. Bc3 e5 17. Nd2 1/2-1/2

[Event "Landesklasse Ost 2015/2016"]
[Site "?"]
[Date "2016.02.14"]
[Round "6"]
[White "Zeuner, Ulrich"]
[Black "Künzel, Andre"]
[Result "1-0"]
[WhiteElo "1930"]
[BlackElo "1867"]
[PlyCount "159"]
[EventDate "2016.??.??"]
[WhiteTeam "SV Medizin Erfurt"]
[BlackTeam "Schachklub Weida"]

1. e4 d6 2. c4 g6 3. Nf3 Bg7 4. Be2 Nf6 5. Nc3 O-O 6. O-O c5 7. d4 Nc6 8. d5
Nb4 9. h3 Na6 10. Be3 Nc7 11. e5 dxe5 12. Bxc5 Nfe8 13. Qd2 f5 14. Rfe1 Nd6 15.
Bf1 b6 16. Ba3 Nf7 17. Rad1 Ne8 18. b4 a5 19. bxa5 Rxa5 20. Bb4 Ra7 21. Nb5 Ra4
22. a3 Ned6 23. Qc2 Ra8 24. c5 bxc5 25. Qxc5 Bd7 26. Nc7 Rc8 27. Rc1 Bh6 28.
Rc2 Ba4 29. Ba6 Bxc2 30. Bxc8 Qxc8 31. Qxc2 Rd8 32. Qc6 e4 33. Nd4 Ne5 34. Qc3
Rd7 35. Nde6 Nd3 36. Rb1 Nf4 37. Qc6 e3 38. fxe3 Nd3 39. Bxd6 Rxd6 40. Qe8+
Qxe8 41. Nxe8 Rxd5 42. N8c7 Re5 43. Rb8+ Kf7 44. Nd8+ Kg7 45. Ne8+ Kf8 46. Nc7
Rxe3 47. Nde6+ Kf7 48. Nd8+ Kg7 49. Nde6+ Kf6 50. Rb6 Ke5 51. Kh2 Nf4 52. Nd8
Kd4 53. Nf7 Bg7 54. Rb4+ Kc5 55. Rxf4 Rxa3 56. Ne6+ Kd5 57. Nxg7 e5 58. Rb4 Ra7
59. Rb5+ Kc6 60. Rxe5 Rxf7 61. Ne8 Kd7 62. Kg3 g5 63. h4 h6 64. hxg5 hxg5 65.
Kf3 Kd8 66. Nd6 Rf6 67. Nxf5 Kd7 68. Ke4 Ra6 69. Re7+ Kd8 70. Rb7 Ra4+ 71. Nd4
Ra3 72. g4 Rc3 73. Rg7 Ke8 74. Nf5 Rc4+ 75. Kf3 Rc3+ 76. Ke4 Rc4+ 77. Ke5 Ra4
78. Nd4 Kf8 79. Rb7 Ra5+ 80. Kf6 1-0

[Event "Landesklasse Ost 2015/2016"]
[Site "?"]
[Date "2016.02.14"]
[Round "6"]
[White "Schumann, Robert"]
[Black "Fischer, Dennis"]
[Result "1-0"]
[WhiteElo "1824"]
[BlackElo "1834"]
[PlyCount "97"]
[EventDate "2016.??.??"]
[WhiteTeam "Schachklub Weida"]
[BlackTeam "SV Medizin Erfurt"]

1. d4 Nf6 2. Nf3 g6 3. c4 Bg7 4. Nc3 O-O 5. e4 d6 6. Be2 c6 7. O-O Qc7 8. Bf4
Nh5 9. Be3 e5 10. d5 c5 11. Nb5 Qe7 12. Qd2 a6 13. Nc3 f5 14. Bg5 Qf7 15. exf5
gxf5 16. Bh6 Qf6 17. Bxg7 Nxg7 18. Rab1 Nd7 19. b4 cxb4 20. Rxb4 Nc5 21. Qg5
Bd7 22. Rb6 Rae8 23. Qxf6 Rxf6 24. Nd2 Bc8 25. Nb3 Nd7 26. Rb4 Re7 27. Na4 Ne8
28. Nb6 Nxb6 29. Rxb6 Kg7 30. Na5 Nc7 31. Rfb1 Na8 32. R6b3 b6 33. Nc6 Rc7 34.
Bh5 Rh6 35. Rg3+ Kf8 36. Be2 Rg6 37. Rbb3 Rxg3 38. Rxg3 Bb7 39. Nd8 Bc8 40. Rg5
Rg7 41. Rh5 Kg8 42. Bd3 e4 43. Bc2 Rc7 44. Nc6 b5 45. cxb5 axb5 46. Rh6 Rd7 47.
Rf6 Nb6 48. Rxf5 Rg7 49. Rf6 1-0

[Event "Landesklasse Ost 2015/2016"]
[Site "?"]
[Date "2016.02.14"]
[Round "6"]
[White "Rost, Detlef"]
[Black "Heine, Robert"]
[Result "1-0"]
[WhiteElo "1847"]
[BlackElo "1573"]
[PlyCount "91"]
[EventDate "2016.??.??"]
[WhiteTeam "SV Medizin Erfurt"]
[BlackTeam "Schachklub Weida"]

1. b4 d6 2. Bb2 e5 3. c4 Nf6 4. Nc3 c6 5. d4 Be7 6. e4 Qb6 7. Na4 Qc7 8. f3 O-O
9. d5 Nh5 10. g3 f5 11. Bd3 f4 12. g4 Bh4+ 13. Kf1 Nf6 14. h3 Nfd7 15. Kg2 Nb6
16. Nc3 Na6 17. a3 Bd7 18. Nge2 Nc8 19. Qb3 Qb6 20. Raf1 Nc5 21. Qc2 Nxd3 22.
Qxd3 Qc7 23. Rd1 c5 24. b5 a6 25. a4 Na7 26. Ra1 a5 27. Bc1 Qd8 28. Bd2 Nc8 29.
Nc1 h5 30. Kf1 Bg3 31. N3e2 Qh4 32. Nxg3 fxg3 33. Kg2 Ne7 34. Ne2 Ng6 35. Nxg3
Nf4+ 36. Bxf4 Rxf4 37. Nxh5 Rf7 38. Raf1 g6 39. Ng3 Raf8 40. Qd2 b6 41. Qc1 Kg7
42. Ne2 Bc8 43. Qe3 Bd7 44. Ng3 Bc8 45. Qe1 Bd7 46. Nf5+ 1-0

[Event "Landesklasse Ost 2015/2016"]
[Site "?"]
[Date "2016.02.14"]
[Round "6"]
[White "Wagner, Uwe"]
[Black "Stumm, Rainer"]
[Result "1/2-1/2"]
[WhiteElo "1706"]
[BlackElo "1558"]
[PlyCount "49"]
[EventDate "2016.??.??"]
[WhiteTeam "Schachklub Weida"]
[BlackTeam "SV Medizin Erfurt"]

1. Nf3 e6 2. b3 d5 3. Bb2 Nf6 4. e3 b6 5. d4 Nc6 6. Bb5 Bd7 7. O-O Bd6 8. Nbd2
O-O 9. a3 Qe8 10. Rc1 Nxd4 11. Bxd7 Nxf3+ 12. Qxf3 Nxd7 13. e4 d4 14. Bxd4 Bxa3
15. Rcd1 f6 16. Nc4 Bc5 17. Bc3 a5 18. Bd4 Bxd4 19. Rxd4 b5 20. Ne3 Ne5 21. Qe2
Nf7 22. Rfd1 Rd8 23. f3 Rxd4 24. Rxd4 Qb8 25. Qd2 1/2-1/2

[Event "Landesklasse Ost 2015/2016"]
[Site "?"]
[Date "2016.02.14"]
[Round "6"]
[White "Seele, Hartmut"]
[Black "Urban, Bernd"]
[Result "1-0"]
[WhiteElo "1756"]
[BlackElo "1739"]
[PlyCount "45"]
[EventDate "2016.??.??"]
[WhiteTeam "SV Medizin Erfurt"]
[BlackTeam "Schachklub Weida"]

1. e4 c5 2. d4 cxd4 3. c3 dxc3 4. Nxc3 Nc6 5. Nf3 d6 6. Bc4 e6 7. O-O Be7 8.
Qe2 Nf6 9. Rd1 Qc7 10. Bf4 a6 11. Rac1 O-O 12. Bb3 Rd8 13. Nd5 exd5 14. exd5
Nxd5 15. Bxd5 Bg4 16. h3 Bxf3 17. Qxf3 Qa5 18. Bd2 Ne5 19. Bxa5 Nxf3+ 20. Bxf3
Rdc8 21. Bxb7 Rxc1 22. Rxc1 Rb8 23. Rc8+ 1-0

[Event "Landesklasse Ost 2015/2016"]
[Site "?"]
[Date "2016.02.14"]
[Round "6"]
[White "Heine, Mario"]
[Black "Schelter, Mario"]
[Result "1-0"]
[WhiteElo "1774"]
[BlackElo "1609"]
[PlyCount "97"]
[EventDate "2016.??.??"]
[WhiteTeam "Schachklub Weida"]
[BlackTeam "SV Medizin Erfurt"]

1. d4 Nf6 2. Nf3 g6 3. e3 Bg7 4. Bd3 O-O 5. Nbd2 d6 6. O-O Nc6 7. c3 e5 8. Re1
Ne8 9. Nf1 f5 10. dxe5 Nxe5 11. Nxe5 Bxe5 12. f4 Bg7 13. e4 fxe4 14. Bxe4 c6
15. Ng3 d5 16. Bc2 Nd6 17. Bd3 Qc7 18. Qc2 Qf7 19. b3 b6 20. Bd2 Bd7 21. Re2
Bg4 22. Rf2 Rae8 23. Raf1 Bf5 24. Nxf5 gxf5 25. Rf3 Kh8 26. Bc1 Ne4 27. c4 Bd4+
28. Be3 Qf6 29. Bxd4 Qxd4+ 30. Kh1 Rg8 31. cxd5 cxd5 32. Bxe4 dxe4 33. Rh3 Rc8
34. Qe2 Rgd8 35. Qh5 Qd7 36. Rg3 Rc5 37. Qg5 Rc6 38. Qh5 Rdc8 39. h3 Rg8 40.
Rxg8+ Kxg8 41. Rd1 Qf7 42. Rd8+ Kg7 43. Qd1 Re6 44. Rd7 Re7 45. Qd4+ Kg6 46.
Qd6+ Re6 47. Qc7 Qg8 48. Qc2 Kh6 49. Qf2 1-0

[Event "Landesklasse Ost 2015/2016"]
[Site "?"]
[Date "2016.02.14"]
[Round "6"]
[White "Mantu, Eugen"]
[Black "Lehmann, Volkhard"]
[Result "1-0"]
[WhiteElo "1575"]
[BlackElo "1668"]
[PlyCount "67"]
[EventDate "2016.??.??"]
[WhiteTeam "SV Medizin Erfurt"]
[BlackTeam "Schachklub Weida"]

1. b4 Nf6 2. Bb2 e6 3. a3 b6 4. Nf3 Bb7 5. e3 Be7 6. Be2 d5 7. c4 O-O 8. cxd5
Nxd5 9. Nc3 Bf6 10. Qc2 Nd7 11. O-O c5 12. Nxd5 Bxd5 13. Bxf6 Qxf6 14. e4 Bb7
15. d3 Rfc8 16. Qb3 cxb4 17. axb4 a6 18. Rac1 Qh6 19. Qb2 b5 20. h3 Nb6 21.
Rxc8+ Rxc8 22. Qd4 e5 23. Nxe5 Qf6 24. f4 Na4 25. Qd7 Qb6+ 26. Kh2 Rf8 27. Bg4
Bc8 28. Qe7 Bxg4 29. hxg4 Qd4 30. Rf3 Nc3 31. Nc6 Qb6 32. Qd6 Qb7 33. Ne7+ Kh8
34. Ng6+ 1-0

[Event "Landesklasse West 2015/2016"]
[Site "?"]
[Date "2016.02.14"]
[Round "6"]
[White "Rätsch, Heinz"]
[Black "Hocke, Sebastian"]
[Result "0-1"]
[WhiteElo "2030"]
[BlackElo "2043"]
[PlyCount "90"]
[EventDate "2016.??.??"]
[WhiteTeam "Schachclub 1998 Gotha"]
[BlackTeam "ESV Lok Meiningen"]

1. d4 d5 2. Nf3 Nf6 3. g3 Bf5 4. Bg2 c6 5. O-O h6 6. c4 e6 7. Nc3 Bd6 8. cxd5
exd5 9. Nh4 Bh7 10. Bh3 O-O 11. Nf5 Bxf5 12. Bxf5 Re8 13. Qd3 Qe7 14. Bd2 Nbd7
15. Rae1 Ne4 16. Kg2 Ndf6 17. f3 Nxd2 18. Qxd2 Rad8 19. Bb1 Bb4 20. e3 Qd7 21.
a3 Ba5 22. b4 Bc7 23. Re2 Re7 24. Rfe1 Rde8 25. Na4 a6 26. Bd3 Qc8 27. Rc1 Bb8
28. Nc3 Qd7 29. a4 Qd8 30. Nd1 Ba7 31. Bb1 Qd7 32. Qd3 Qd6 33. Rb2 Bb8 34. b5
cxb5 35. axb5 a5 36. b6 h5 37. Qb5 h4 38. Qxa5 hxg3 39. Qc5 gxh2 40. Qxd6 Bxd6
41. Rb5 g6 42. f4 Bxf4 43. exf4 Re2+ 44. Nf2 Ng4 45. Rc2 Rxf2+ 0-1

[Event "Landesklasse West 2015/2016"]
[Site "?"]
[Date "2016.02.14"]
[Round "6"]
[White "Scheftlein, Richard"]
[Black "Rockstuhl, Reiner"]
[Result "1-0"]
[WhiteElo "2058"]
[BlackElo "1805"]
[PlyCount "61"]
[EventDate "2016.??.??"]
[WhiteTeam "ESV Lok Meiningen"]
[BlackTeam "Schachclub 1998 Gotha"]

1. d4 d5 2. c4 dxc4 3. e3 Be6 4. Na3 Nf6 5. Nf3 Bd5 6. Nxc4 e6 7. Bd3 Bb4+ 8.
Bd2 Bxd2+ 9. Ncxd2 O-O 10. e4 Bc6 11. O-O Nbd7 12. Qc2 h6 13. Rfc1 Rc8 14. b4
Nb6 15. a4 Be8 16. a5 Nbd7 17. a6 b6 18. Ra3 c6 19. Rc3 Nb8 20. Nb3 Bd7 21. Ne5
Qe8 22. b5 Rc7 23. bxc6 Bc8 24. Nd7 Bxd7 25. cxd7 Rxd7 26. Bb5 Qe7 27. Bxd7
Qxd7 28. Rc7 Qb5 29. Rxa7 Nxe4 30. Qxe4 Qxb3 31. h3 1-0

[Event "Landesklasse West 2015/2016"]
[Site "?"]
[Date "2016.02.14"]
[Round "6"]
[White "Lutzkat, Ulrich"]
[Black "Jörges, Frank"]
[Result "1/2-1/2"]
[WhiteElo "1930"]
[BlackElo "1823"]
[PlyCount "73"]
[EventDate "2016.??.??"]
[WhiteTeam "Schachclub 1998 Gotha"]
[BlackTeam "ESV Lok Meiningen"]

1. e4 d5 2. exd5 Qxd5 3. Nc3 Qd6 4. d4 Nf6 5. Bc4 a6 6. Bb3 Bg4 7. f3 Bf5 8.
Nge2 e6 9. Bf4 Qd7 10. Qd2 Nc6 11. O-O-O Na5 12. g4 Nxb3+ 13. axb3 Bg6 14. h4
h6 15. Be5 Nd5 16. Nxd5 exd5 17. Nf4 O-O-O 18. Nxg6 fxg6 19. Qd3 Qf7 20. f4 h5
21. f5 gxf5 22. Qxf5+ Qd7 23. Rdg1 hxg4 24. Qxg4 Qxg4 25. Rxg4 Rh7 26. Rf1 Be7
27. Rf7 Rd7 28. Rff4 Bd6 29. Rf5 Bxe5 30. Rxe5 c6 31. Kd2 Rf7 32. Ke2 Kd7 33.
h5 Rh6 34. Rgg5 Rhf6 35. Rg2 Rh6 36. Rgg5 Rhf6 37. Rg2 1/2-1/2

[Event "Landesklasse West 2015/2016"]
[Site "?"]
[Date "2016.02.14"]
[Round "6"]
[White "Lehmann, Peter"]
[Black "Manger, Hans-Gerald"]
[Result "0-1"]
[WhiteElo "1888"]
[BlackElo "1806"]
[PlyCount "42"]
[EventDate "2016.??.??"]
[WhiteTeam "ESV Lok Meiningen"]
[BlackTeam "Schachclub 1998 Gotha"]

1. d4 d5 2. Nf3 Nf6 3. e3 c6 4. Bd3 Bg4 5. c4 e5 6. dxe5 dxc4 7. exf6 cxd3 8.
Qb3 Bxf3 9. fxg7 Bxg7 10. gxf3 c5 11. Qxb7 Nd7 12. Qe4+ Ne5 13. f4 f5 14. Qg2
Ng6 15. Qc6+ Kf7 16. Qxc5 Qd7 17. Qc4+ Ke8 18. Nd2 Rc8 19. Qb3 Qc6 20. O-O Nh4
21. f3 Qg6+ 0-1

[Event "Landesklasse West 2015/2016"]
[Site "?"]
[Date "2016.02.14"]
[Round "6"]
[White "Bauer, Wilfried"]
[Black "Grube, Jan"]
[Result "1/2-1/2"]
[WhiteElo "1594"]
[BlackElo "1812"]
[PlyCount "112"]
[EventDate "2016.??.??"]
[WhiteTeam "Schachclub 1998 Gotha"]
[BlackTeam "ESV Lok Meiningen"]

1. f4 c5 2. Nf3 d5 3. e3 Nc6 4. b3 e6 5. Bb2 Nf6 6. Bb5 Bd7 7. O-O Be7 8. Bxc6
Bxc6 9. Ne5 O-O 10. Nxc6 bxc6 11. d3 Qb6 12. Nd2 a5 13. a4 Rfd8 14. Qe2 Rd7 15.
Kh1 Qd8 16. Rab1 g6 17. Nf3 d4 18. Ne5 Rc7 19. e4 Nh5 20. Bc1 Bd6 21. Nc4 Qh4
22. Qf2 Qxf2 23. Rxf2 Be7 24. Bd2 Rca7 25. g4 Ng7 26. f5 Bh4 27. Rf3 exf5 28.
exf5 f6 29. Rbf1 gxf5 30. gxf5 Bg5 31. Be1 h6 32. Rg1 Kf7 33. h4 Bc1 34. Bxa5
Be3 35. Nxe3 dxe3 36. Bb6 Re7 37. Bxc5 Re5 38. Bxe3 Nxf5 39. Bf2 Rae8 40. d4
Rd5 41. c4 Nxd4 42. Rxf6+ Kxf6 43. cxd5 Nxb3 44. dxc6 Rc8 45. h5 Na5 46. Rg6+
Kf5 47. Rxh6 Nxc6 48. Bb6 Ne5 49. Rh7 Kg4 50. Kg2 Rc2+ 51. Bf2 Nd3 52. Rf7 Kxh5
53. Kg3 Ra2 54. Be3 Rxa4 55. Rg7 Ra5 56. Rg5+ Rxg5+ 1/2-1/2

[Event "Landesklasse West 2015/2016"]
[Site "?"]
[Date "2016.02.14"]
[Round "6"]
[White "Holland-Cunz, Dietrich"]
[Black "Schlick, Stefan"]
[Result "1/2-1/2"]
[WhiteElo "1788"]
[BlackElo "1714"]
[PlyCount "60"]
[EventDate "2016.??.??"]
[WhiteTeam "ESV Lok Meiningen"]
[BlackTeam "Schachclub 1998 Gotha"]

1. d4 Nf6 2. Nf3 e6 3. g3 d5 4. Bg2 Be7 5. O-O O-O 6. c4 c6 7. Nc3 Nbd7 8. b3
b6 9. Re1 Bb4 10. Qc2 Ne4 11. Nxe4 dxe4 12. Nd2 f5 13. a3 Be7 14. Nxe4 fxe4 15.
Bxe4 Bb7 16. Bxh7+ Kh8 17. Bb2 Rc8 18. Bg6 c5 19. Rad1 Qc7 20. e4 cxd4 21. Bxd4
Bc5 22. Qe2 Nf6 23. e5 Ng8 24. b4 Qc6 25. f4 Bxd4+ 26. Rxd4 Qh1+ 27. Kf2 Qxh2+
28. Kf1 Qh1+ 29. Kf2 Qh2+ 30. Kf1 Qh1+ 1/2-1/2

[Event "Landesklasse West 2015/2016"]
[Site "?"]
[Date "2016.02.14"]
[Round "6"]
[White "Reucker, Friedrich"]
[Black "Latka, Vera"]
[Result "1-0"]
[WhiteElo "1685"]
[BlackElo "1754"]
[PlyCount "57"]
[EventDate "2016.??.??"]
[WhiteTeam "Schachclub 1998 Gotha"]
[BlackTeam "ESV Lok Meiningen"]

1. Nf3 d5 2. c4 d4 3. b4 c5 4. Bb2 e6 5. g3 cxb4 6. Nxd4 Bd7 7. Bg2 Nc6 8. Nf3
Nf6 9. O-O Be7 10. d4 Na5 11. Nbd2 O-O 12. e4 Nxe4 13. Nxe4 Nxc4 14. Qb3 Nxb2
15. Qxb2 Bc6 16. Ne5 Bd5 17. Rfc1 f6 18. Nd3 Qb6 19. Nec5 Bxg2 20. Kxg2 Qc6+
21. Kg1 b6 22. Na6 Qb5 23. Ndxb4 Bxb4 24. Nc7 Qa5 25. Nxa8 Ba3 26. Qb3 Bxc1 27.
Qxe6+ Kh8 28. Rxc1 Rxa8 29. Rc8+ 1-0

[Event "Landesklasse West 2015/2016"]
[Site "?"]
[Date "2016.02.14"]
[Round "6"]
[White "Rosenberg, Erik"]
[Black "Grabner, Stefan"]
[Result "0-1"]
[WhiteElo "1647"]
[BlackElo "2037"]
[PlyCount "68"]
[EventDate "2016.??.??"]
[WhiteTeam "ESV Lok Meiningen"]
[BlackTeam "Schachclub 1998 Gotha"]

1. d4 d5 2. c4 c6 3. cxd5 cxd5 4. Nc3 Nf6 5. Qc2 Nc6 6. Nf3 Bg4 7. Ne5 Rc8 8.
e3 a6 9. Qa4 Bd7 10. Nxd7 Qxd7 11. Bd3 e6 12. a3 Bd6 13. Bd2 O-O 14. O-O Qe7
15. Rfd1 Ng4 16. g3 Qf6 17. f4 Rfd8 18. Qc2 Nxd4 19. exd4 Qxd4+ 20. Kh1 Qxd3
21. Qxd3 Nf2+ 22. Kg2 Nxd3 23. b4 Nb2 24. Rdc1 Nc4 25. Be1 Rc7 26. Bf2 Rdc8 27.
Na4 b5 28. Nc5 Bxc5 29. Bxc5 a5 30. Kf2 Nd2 31. Ra2 Ne4+ 32. Ke3 Nxc5 33. bxc5
Rxc5 34. Rb1 Kf8 0-1

[Event "Landesklasse West 2015/2016"]
[Site "?"]
[Date "2016.02.14"]
[Round "6"]
[White "Klingler, Lutz"]
[Black "Messerschmidt, Daniel"]
[Result "1/2-1/2"]
[WhiteElo "1933"]
[BlackElo "1863"]
[PlyCount "27"]
[EventDate "2016.??.??"]
[WhiteTeam "SV Schmalkalden 04"]
[BlackTeam "SG Trusetal 92"]

1. f4 d5 2. Nf3 Nf6 3. e3 g6 4. b4 Bg7 5. Bb2 O-O 6. Be2 Nbd7 7. O-O c5 8. b5
Qc7 9. a4 b6 10. c4 e6 11. Na3 Bb7 12. Qe1 Ne4 13. Bxg7 Kxg7 14. d3 1/2-1/2

[Event "Landesklasse West 2015/2016"]
[Site "?"]
[Date "2016.02.14"]
[Round "6"]
[White "Messerschmidt, Nick"]
[Black "Lesser, Thomas"]
[Result "1-0"]
[WhiteElo "1936"]
[BlackElo "1856"]
[PlyCount "57"]
[EventDate "2016.??.??"]
[WhiteTeam "SG Trusetal 92"]
[BlackTeam "SV Schmalkalden 04"]

1. d4 d5 2. c4 c6 3. Nf3 Nf6 4. Nc3 e6 5. Bg5 h6 6. Bh4 Bd6 7. e3 Nbd7 8. cxd5
exd5 9. Bd3 O-O 10. O-O Re8 11. Re1 g5 12. Nxg5 hxg5 13. Bxg5 Qc7 14. Qf3 Kg7
15. h4 Ng8 16. h5 f6 17. h6+ Kh8 18. Bh4 Qd8 19. Bg6 Rf8 20. e4 Ne7 21. Bh5 Bb4
22. a3 Bxc3 23. bxc3 dxe4 24. Rxe4 Ng8 25. Rae1 Nb6 26. Qg3 Nxh6 27. Re8 Bf5
28. Rxd8 Raxd8 29. Qf4 1-0

[Event "Landesklasse West 2015/2016"]
[Site "?"]
[Date "2016.02.14"]
[Round "6"]
[White "Bamberg, Alexander"]
[Black "Ribitzki, Mathias"]
[Result "1-0"]
[WhiteElo "1865"]
[BlackElo "1761"]
[PlyCount "100"]
[EventDate "2016.??.??"]
[WhiteTeam "SV Schmalkalden 04"]
[BlackTeam "SG Trusetal 92"]

1. e4 c5 2. Nf3 Nc6 3. d4 cxd4 4. Nxd4 Nf6 5. Nc3 e5 6. Ndb5 d6 7. Bg5 a6 8.
Na3 b5 9. Bxf6 gxf6 10. Nd5 Be6 11. c3 f5 12. exf5 Bxd5 13. Qxd5 Rc8 14. Rd1
Be7 15. Be2 h5 16. O-O Qd7 17. f6 Bxf6 18. Qxd6 Qxd6 19. Rxd6 Be7 20. Rd5 Bxa3
21. bxa3 f6 22. Rfd1 O-O 23. Bxh5 Na5 24. a4 Rxc3 25. axb5 axb5 26. Rxb5 Nc6
27. g3 Nd4 28. Rb7 Ra8 29. Rdb1 Rac8 30. Kg2 R3c7 31. a4 Rxb7 32. Rxb7 Ra8 33.
Bd1 Ra5 34. Kh3 Ra6 35. Kg4 Kf8 36. Kh5 Nf5 37. Rb8+ Ke7 38. Kg6 Nd4 39. h4 f5+
40. Kg5 Kf7 41. h5 f4 42. Rb7+ Kf8 43. gxf4 Ne6+ 44. Kf5 Nxf4 45. Kxe5 Nd3+ 46.
Kd4 Nxf2 47. Bb3 Nh3 48. Kc5 Rf6 49. Rf7+ Rxf7 50. Bxf7 Kxf7 1-0

[Event "Landesklasse West 2015/2016"]
[Site "?"]
[Date "2016.02.14"]
[Round "6"]
[White "Willner, Holger"]
[Black "Burkhardt, Christian"]
[Result "1/2-1/2"]
[WhiteElo "1779"]
[BlackElo "1671"]
[PlyCount "46"]
[EventDate "2016.??.??"]
[WhiteTeam "SG Trusetal 92"]
[BlackTeam "SV Schmalkalden 04"]

1. e4 e6 2. d3 d5 3. Nc3 Nf6 4. e5 Nfd7 5. f4 c5 6. Nf3 Nc6 7. Bd2 a6 8. g3 Be7
9. Bh3 b5 10. Qe2 Qc7 11. O-O b4 12. Nd1 O-O 13. Ne3 Nb6 14. Ng2 Bd7 15. Rae1
Rae8 16. g4 f6 17. exf6 Bxf6 18. Be3 d4 19. Bd2 Nd5 20. g5 Bd8 21. Ne5 Nxe5 22.
fxe5 g6 23. Nf4 Nxf4 1/2-1/2

[Event "Landesklasse West 2015/2016"]
[Site "?"]
[Date "2016.02.14"]
[Round "6"]
[White "Wissel, Daniel"]
[Black "Schley, Thomas"]
[Result "1/2-1/2"]
[WhiteElo "1801"]
[BlackElo "1736"]
[PlyCount "23"]
[EventDate "2016.??.??"]
[WhiteTeam "SV Schmalkalden 04"]
[BlackTeam "SG Trusetal 92"]

1. e4 c5 2. d4 cxd4 3. Nf3 Nc6 4. c3 d5 5. exd5 Qxd5 6. cxd4 e6 7. Nc3 Qd8 8.
Bf4 Bd6 9. Bxd6 Qxd6 10. Bb5 Bd7 11. O-O Nf6 12. Re1 1/2-1/2

[Event "Landesklasse West 2015/2016"]
[Site "?"]
[Date "2016.02.14"]
[Round "6"]
[White "Hepp, Ingolf"]
[Black "Himmel, Matthias"]
[Result "0-1"]
[WhiteElo "1498"]
[BlackElo "1564"]
[PlyCount "76"]
[EventDate "2016.??.??"]
[WhiteTeam "SG Trusetal 92"]
[BlackTeam "SV Schmalkalden 04"]

1. e4 c5 2. f4 Nc6 3. Nf3 e6 4. Be2 g6 5. c3 d5 6. e5 Nge7 7. O-O Bg7 8. Na3 a6
9. Nc2 O-O 10. g4 d4 11. Nce1 f6 12. exf6 Rxf6 13. Ng5 Nd5 14. d3 dxc3 15. Ne4
Rf8 16. bxc3 Nxc3 17. Nxc3 Bxc3 18. Rb1 Qd5 19. Nf3 Nd4 20. Rf2 Bd7 21. Ne5
Rae8 22. Bf1 b5 23. Bg2 Qd6 24. Be3 Bc8 25. Rc1 b4 26. Nc4 Qc7 27. f5 exf5 28.
Bh6 Re1+ 29. Qxe1 Bxe1 30. Rxe1 Rd8 31. Bg5 Rf8 32. Re7 Qd8 33. Rg7+ Kxg7 34.
Bxd8 Rxd8 35. gxf5 Bxf5 36. Ne5 Re8 37. Nc6 Re1+ 38. Rf1 Rxf1+ {ZÜ} 0-1

[Event "Landesklasse West 2015/2016"]
[Site "?"]
[Date "2016.02.14"]
[Round "6"]
[White "Röder, Detlef"]
[Black "Voigt, Uwe"]
[Result "0-1"]
[WhiteElo "1622"]
[BlackElo "1538"]
[PlyCount "78"]
[EventDate "2016.??.??"]
[WhiteTeam "SV Schmalkalden 04"]
[BlackTeam "SG Trusetal 92"]

1. e4 e5 2. Nf3 Nc6 3. Bc4 Bc5 4. b4 Bxb4 5. c3 Be7 6. d4 d6 7. Qb3 Bf6 8.
Bxf7+ Kf8 9. Bxg8 Rxg8 10. dxe5 Nxe5 11. Nxe5 Bxe5 12. O-O b6 13. f4 Bf6 14. e5
Be7 15. Qc2 h6 16. c4 Qd7 17. Bb2 Qf5 18. Qa4 Bb7 19. Nc3 Qg6 20. Rf2 Bh4 21.
Rd2 Ke7 22. exd6+ cxd6 23. Re2+ Kd8 24. Rf1 Qd3 25. Rd1 Qg6 26. Ba3 Be7 27. Nd5
Bxd5 28. Rxd5 Kc7 29. f5 Qg5 30. Qd1 Rad8 31. Bc1 Qf6 32. Re6 Qf7 33. Bf4 Rge8
34. Qa4 a5 35. Qb5 Rd7 36. c5 bxc5 37. Qxa5+ Kb8 38. Qb5+ Rb7 39. Bxd6+ Ka8 {ZÜ
} 0-1